El secreto del conejo

Saved in:
Bibliographic Details
Format: Book
Language:Spanish
Published: Barcelona Molino 1961
Series:Nuevos cuentos molino, 11
Subjects:
Tags: Add Tag
No Tags, Be the first to tag this record!

MARC

LEADER 00000nam a2200000 a 4500
001 UCW4445
003 CL-VaPUC
008 900409e19610000SP |||||||||||||||||spa|d
082 0 4 |a 808.068  |b SEC  |2 21 
245 1 3 |a El secreto del conejo 
300 |a 8 p 
942 |c BK 
945 |d 19900409 00:00:00 
260 |a Barcelona  |b Molino  |c 1961 
650 0 |a Cuentos infantiles  |9 308044 
650 0 |a Literatura infantil   |9 307465 
583 |a last modification  |c 19900409 00:00:00  |k Rodrigo Vera 
490 0 |a Nuevos cuentos molino, 11 
999 |c 218181  |d 218179 
952 |0 0  |1 0  |4 0  |6 808_068000000000000_SEC_1961  |7 0  |8 A  |9 207232  |a BIBEDU  |b BIBEDU  |d 2019-11-15  |i 2750287  |o 808.068 SEC 1961  |p 2750287  |r 2019-11-15  |w 2019-11-15  |y BK  |k EDU